Największe miasta Słowacji - Statystyki

Ogólne statystyki
  • Ten quiz został rozwiązany 141 razy
  • Średni wynik to 5 z 10
Statystyki odpowiedzi
Liczba Ludności Miasto % Poprawnych
1 437 725 Bratysława
100%
2 238 593 Koszyce
86%
4 80 727 Zylina
54%
3 88 464 Preszów
49%
6 76 533 Nitra
45%
10 51 235 Poprad
45%
5 78 084 Bańska bystrzyca
44%
7 65 033 Trnawa
40%
8 55 383 Trenczyn
31%
9 54 168 Martin
17%
Nie znaleziono quizów pasujących do podanych kryteriów
Rozkład punktacji
Procent ludzi z każdym wynikiem
Percentyl według liczby udzielonych odpowiedzi
Twoja historia wyników
Nie rozwiązałeś tego quizu